000 00340nam a22001457a 4500
999 _c11251
_d11251
003 OSt
008 220521b ||||| |||| 00| 0 eng d
020 _a978-0-241-95822-3
082 _a658.4092 SIS
100 _aSinek, Simon
245 _aStart with why
260 _aU.K.
_bPortfolio Penguin
_c2009
300 _a246
942 _2ddc
_cBK
_01